Islami Taqareeb (Record no. 3722)

MARC details
000 -LEADER
fixed length control field 00654nam a2200253 a 4500
020 ## - INTERNATIONAL STANDARD BOOK NUMBER
ISBN
082 00 - DEWEY DECIMAL CLASSIFICATION NUMBER
Classification number 297.38
Author Cutter RAS1
100 ## - MAIN ENTRY--AUTHOR NAME
Author name Rasheed, Ghulam Dastageer
245 ## - TITLE STATEMENT
Title Islami Taqareeb
260 ## - PUBLICATION, DISTRIBUTION, ETC. (IMPRINT)
Place of publication Hyderabad
Name of publisher Markazi Anjuman Taleemus Salat
Year of publication 1945
300 ## - PHYSICAL DESCRIPTION
Number of Pages 322p
500 ## - GENERAL NOTE
General note includes index and biblioraphy
505 2# - FORMATTED CONTENTS NOTE
Formatted contents note three parts of first volume
650 ## - SUBJECT ADDED ENTRY--TOPICAL TERM
Topical Term Festivals-Islam
650 ## - SUBJECT ADDED ENTRY--TOPICAL TERM
Topical Term Islam-Festivals
942 ## - ADDED ENTRY ELEMENTS (KOHA)
Koha item type Books
700 1# -
-- Rasheed, Ghulam Dastageer
Holdings
Collection code Home library Current library Date acquired Cost, normal purchase price Full call number Accession Number Koha item type
  Henry Martyn Institute Library Henry Martyn Institute Library 07/31/2007 100.00 297.38 RAS1 06093 Books
                   Copyright © 2026 | Henry Martyn Institute | Hyderabad | TS-500052 | INDIA | Implemented by hmi.edu.in
Hit-Count:

Powered by Koha